01443 2200277 4500001002100000005001500021035002000036007000300056008004100059020001800100082001000118084001600128100004700144245009100191250001500282300002000297520065100317264003100968336002100999337003001020338002301050650001301073700004701086990001601133990001601149INLIS00000000000000920210113102242 a0010-0121000004ta210113 b 0 ind  a9786026847775 a155.2 a155.2 ZUL s0 adr. Zulaehah Hidayati, MMRS,SHTePengarang1 aSmart Parenting :bMendidik Anak berkarakter Unggul /cdr. Zulaedah Hidayati MMRS, SHT aCetakan 22 avi, 114 halaman aKemampuan mengekspresikan emosi dan keinginan dengan tindakan dan ucapan dengan baik adalah salah satu indikator perkembangan anak berkarakter. Lalu bagaimana jika anak kita kerap berperilaku buruk dan cenderung belum mampu mengendalikan luapan emosinya? Oleh karena itu, pendidikan dan pengasuhan anak harus ditangani dengan tepat sehingga mereka tumbuh menjadi pribadi-pribadi berkarakter sekaligus mampu menghindari masalah yang lebih kompleks saat beranjak dewasa. Smart Parenting: Mendidik Anak Berkarakter Unggul membimbing orang tua dalam mengembangkan diri dan memahami praktik pengasuhan yang tepat bagi anak melalui teknik PARENTING. aJakarta :bErlangga,c2018 aTeks2rdacontent aTanpa Perantara2rdamedia aVolume2rdacarrier 4aMotivasi0 adr. Zulaedah Hidayati MMRS, SHTePengarang a00000000009 a00000000010